Celostnoe upravlenie predprijatiem

Gespeichert in:
Bibliographische Detailangaben
1. Verfasser: Varcholová, Tatiana
Weitere Verfasser: Varchola, Michal, Gallová, Štefánia
Format: Buchkapitel
Sprache:Russisch
Tags: Tag hinzufügen
Keine Tags, Fügen Sie das erste Tag hinzu!

MARC

LEADER 00000naa$a2200000$$$4500
001 0064631
005 20240502083156.1
041 0 |a rus 
044 |a UA 
245 1 0 |a Celostnoe upravlenie predprijatiem  |c Tatiana Varcholová, Michal Varchola, Štefánia Gallová 
100 1 |a Varcholová, Tatiana 
700 1 |a Varchola, Michal 
700 1 |a Gallová, Štefánia